000 01067nas a2200349 4500
001 BR0702997
003 BR-BrBNA
005 20231205110835.0
007 ta
008 230509b bl.|||p| |||| 00| 00por d
040 _aBR-BrBNA
_bpor
_cBiblioteca Nacional de Agricultura
041 _a(Pt)
072 _aL73
100 1 _aCallado, A.K.C.
100 1 _aCastro, R.S. de
100 1 _aNascimento, S.A.
100 1 _aSilva-Rodrigues, M.I.M.
100 1 _aPinto-Junior, J.H.
100 1 _aTeixeira, M. de F.S.
245 1 _aCaracterização preliminar da infecção de células da membrana sinovial por amostras brasileiras de lentivirus de pequenos ruminantes
650 _aCAPRINO
650 _aOVINO
650 _aDOENÇA ANIMAL
650 _aVÍRUS
650 _aINFECÇÃO
650 _aCÉLULA
650 _aMEMBRANA
650 _aLABORATÓRIO
773 0 _tCiência Veterinária nos Tropicos (Brazil)
_xISSN 1415-6326
_g(Sep-Dec 1999), v. 2(3) p. 152-159
_wBR0702997
909 _a202311
_bLúcia
_c55
_dLúcia Elande
942 _2AGRIS
_n0
_cANA
999 _c189374
_d189374